[Event "AUTO-ADV-3759"]
[Site "http://www.queenalice.com/game.php?id=1457845"]
[Date "2017.1.4"]
[Round "1"]
[White "vasyl_puzanov"]
[Black "miguel_loki"]
[Result "1-0"]
[WhiteElo "1837"]
[BlackElo "1908"]

1. e4 c5 2. Nf3 d6 3. d4 cxd4 4. Nxd4 Nf6 5. Nc3 a6 6. Bg5 e6 7. Be2 Nbd7 8. O-O
Be7 9. Be3 O-O 10. h3 Qc7 11. a3 b5 12. f3 Bb7 13. Qe1 d5 14. exd5 1-0

[Event "AUTO-ADV-3759"]
[Site "http://www.queenalice.com/game.php?id=1457846"]
[Date "2017.1.4"]
[Round "1"]
[White "miguel_loki"]
[Black "Nias"]
[Result "1-0"]
[WhiteElo "2004"]
[BlackElo "1762"]

1. d4 d5 2. c4 c6 3. Nc3 e6 4. Nf3 h6 5. Bf4 Bd6 6. Bxd6 Qxd6 7. e3 Nd7 8. Qb3
dxc4 9. Bxc4 f5 10. Bxe6 Ne7 11. Rd1 Nb6 12. Bxc8 Nexc8 13. Ne5 1-0

[Event "AUTO-ADV-3759"]
[Site "http://www.queenalice.com/game.php?id=1457847"]
[Date "2017.1.4"]
[Round "1"]
[White "Nias"]
[Black "miguel_loki"]
[Result "1-0"]
[WhiteElo "1722"]
[BlackElo "1954"]

1. d4 Nf6 2. f3 d5 3. Bg5 Nbd7 4. Bxf6 Nxf6 5. e3 e6 6. a3 c5 7. c3 Qb6 8. Qc2
Bd7 9. a4 cxd4 10. exd4 Rc8 11. Ne2 a5 12. Nc1 Qxd4 13. cxd4 Rxc2 14. Nd3 Bd6
15. Be2 Ke7 16. Nd2 Rhc8 17. Bd1 R2c7 18. O-O g5 19. g4 h5 20. h3 hxg4 21. fxg4
1-0

[Event "AUTO-ADV-3759"]
[Site "http://www.queenalice.com/game.php?id=1457848"]
[Date "2017.1.4"]
[Round "1"]
[White "miguel_loki"]
[Black "balu"]
[Result "0-1"]
[WhiteElo "1889"]
[BlackElo "1699"]

1. d4 d5 2. c4 dxc4 3. Nc3 Nf6 4. e4 b5 5. e5 Nd5 6. Nxb5 c6 7. Nc3 Qa5 8. Bd2
Nxc3 9. Bxc3 Qb5 10. Nf3 Bg4 11. h3 Bf5 12. a4 Qd5 13. Be2 e6 14. O-O a5 15. Rc1
Bb4 16. Bxb4 axb4 17. Bxc4 Qd7 18. Re1 O-O 19. Qb3 Qb7 20. Nh4 Nd7 21. g4 Bg6
22. Nxg6 hxg6 23. Bxe6 fxe6 24. Qxe6+ Kh8 25. Qxg6 Ra6 26. e6 Rf6 27. Qh5+ Rh6
28. Qe8+ Kh7 0-1

[Event "AUTO-ADV-3759"]
[Site "http://www.queenalice.com/game.php?id=1457849"]
[Date "2017.1.4"]
[Round "1"]
[White "balu"]
[Black "miguel_loki"]
[Result "1-0"]
[WhiteElo "1741"]
[BlackElo "1980"]

1. e4 c5 2. d4 cxd4 3. Qxd4 Nc6 4. Qe3 Qc7 5. Bc4 Nf6 6. c3 e6 7. Nf3 Be7 8. h3
d5 9. exd5 exd5 10. Bb5 O-O 11. O-O a6 12. Bxc6 bxc6 13. b4 Re8 14. Nbd2 Bxb4
15. Qd3 Bd6 16. Nb3 a5 17. a4 Ba6 18. Qd4 Bxf1 19. Kxf1 Rab8 20. Nc5 Bxc5 21.
Qxc5 Qb6 22. Qxb6 Rxb6 23. Be3 Rb3 24. Bd4 Ne4 25. h4 Nxc3 26. Ne5 Rc8 27. Bc5
Rb1+ 28. Rxb1 Nxb1 29. Nd7 Nd2+ 30. Kg1 Nc4 31. Kh2 f6 32. g4 Kf7 33. Kg3 Rd8
34. Nb6 Nxb6 35. Bxb6 Ra8 36. Kf3 Ke6 37. Kf4 1-0

[Event "AUTO-ADV-3760"]
[Site "http://www.queenalice.com/game.php?id=1458072"]
[Date "2017.1.5"]
[Round "1"]
[White "maurice91"]
[Black "miguel_loki"]
[Result "0-1"]
[WhiteElo "1798"]
[BlackElo "1981"]

1. d4 Nf6 2. Bf4 e6 3. Nf3 c5 4. c3 Nc6 5. Nbd2 Qb6 6. dxc5 Bxc5 7. e3 Qxb2 8.
c4 Qb6 9. a4 h6 10. Rb1 Qd8 11. Bd3 b6 12. O-O Ba6 13. Nb3 Qe7 14. Kh1 e5 15.
Nxc5 bxc5 16. Bg3 e4 17. Be2 exf3 18. Bxf3 Ne4 19. Bxe4 Qxe4 20. Qd6 Qe7 21.
Qxe7+ Kxe7 22. Rfd1 Bxc4 23. Bd6+ Kf6 24. Bxc5 Be6 25. Rxd7 Bxd7 26. Rb7 Rhb8
27. Rxb8 Rxb8 28. h3 Rb1+ 29. Kh2 Ra1 30. f3 Rxa4 31. e4 a5 32. Bd6 Ra2 33. Kg3
a4 34. e5+ Nxe5 0-1

[Event "AUTO-ADV-3760"]
[Site "http://www.queenalice.com/game.php?id=1458073"]
[Date "2017.1.5"]
[Round "1"]
[White "miguel_loki"]
[Black "maurice91"]
[Result "1-0"]
[WhiteElo "1997"]
[BlackElo "1774"]

1. d4 d5 2. c4 c6 3. Nc3 dxc4 4. e4 b5 5. a4 a6 6. axb5 Bb7 7. bxa6 Rxa6 8. Be3
Rxa1 9. Qxa1 Ba6 10. Nf3 e6 11. Nd2 c5 12. dxc5 Qc7 13. Qa4+ Qc6 14. Bxc4 Qxa4
15. Nxa4 Nf6 16. Bxa6 Nxa6 17. f3 Be7 18. Ke2 O-O 19. Rb1 Rc8 20. b4 Kf8 21. Nc4
Nd7 22. Nab6 Nxb6 23. Nxb6 Rc7 24. Bf4 Rb7 25. Bd2 Ke8 26. Kd3 Kd8 27. Kc4 Kc7
28. Bf4+ Kd8 29. Kb5 Nc7+ 30. Bxc7+ Kxc7 31. Rd1 Kb8 32. Rd7 e5 33. c6 Rxb6+ 34.
Kxb6 Bxb4 35. Rd8# 1-0

[Event "AUTO-ADV-3760"]
[Site "http://www.queenalice.com/game.php?id=1458088"]
[Date "2017.1.5"]
[Round "1"]
[White "miguel_loki"]
[Black "TomasBlack"]
[Result "0-1"]
[WhiteElo "2041"]
[BlackElo "2135"]

1. d4 d5 2. c4 Nf6 3. Nc3 e6 4. Nf3 Be7 5. Bf4 O-O 6. h3 c5 7. e3 cxd4 8. exd4
b6 9. Be2 Bb7 10. cxd5 Nxd5 11. Bg3 Bd6 12. Bxd6 Qxd6 13. O-O Nc6 14. a3 Nf4 15.
Qd2 e5 16. dxe5 Qxd2 17. Nxd2 Nxe5 18. f3 Rac8 19. Bb5 Rfd8 20. Nde4 a6 21. Ba4
Nc4 22. Ra2 b5 23. Bb3 Nd2 24. Nxd2 Rxd2 25. Rf2 Rxf2 26. Kxf2 Nd3+ 0-1

[Event "AUTO-ADV-3760"]
[Site "http://www.queenalice.com/game.php?id=1458089"]
[Date "2017.1.5"]
[Round "1"]
[White "TomasBlack"]
[Black "miguel_loki"]
[Result "1-0"]
[WhiteElo "2142"]
[BlackElo "2037"]

1. e4 c5 2. e5 Nc6 3. Nf3 Qc7 4. d4 cxd4 5. Bf4 e6 6. c3 dxc3 7. Nxc3 a6 8. Qd2
Nge7 9. Rc1 Ng6 10. Bg3 Qa5 11. a3 Ngxe5 12. Nxe5 Nxe5 13. b4 Qxa3 14. Bxe5 f6
15. Bd4 Bxb4 16. Be2 e5 17. O-O exd4 18. Qxd4 O-O 19. Nd5 Bd6 20. Nb6 Rb8 21.
Nc4 Bxh2+ 22. Kxh2 Qe7 23. Qa7 d5 24. Qxb8 Qxe2 25. Nb6 Be6 26. Qxb7 d4 27. Kg1
d3 28. Rce1 Qg4 29. Re4 1-0

[Event "AUTO-ADV-3760"]
[Site "http://www.queenalice.com/game.php?id=1458090"]
[Date "2017.1.5"]
[Round "1"]
[White "miguel_loki"]
[Black "rogervolei"]
[Result "0-1"]
[WhiteElo "2023"]
[BlackElo "1822"]

1. d4 e6 2. c4 h6 3. Nc3 Bb4 4. e4 Bxc3+ 5. bxc3 Qh4 6. Qc2 b6 7. Nf3 Qe7 8. Bf4
g5 9. Bxc7 d6 10. Bxb8 Rxb8 11. Qa4+ Qd7 12. Qxd7+ Bxd7 13. Rb1 Nf6 14. Bd3 O-O
15. O-O Nh5 16. g3 f5 17. Nd2 fxe4 18. Nxe4 d5 19. Nd2 Rbc8 20. Rbc1 dxc4 21.
Bxc4 b5 22. Be2 Nf6 23. Bf3 g4 24. Bg2 h5 25. Nb3 Nd5 26. Nc5 Rxc5 27. dxc5 Bc6
28. Rfe1 Rf6 29. Re5 Rh6 30. c4 bxc4 31. Rxc4 a6 32. a3 Kf7 0-1

[Event "AUTO-ADV-3760"]
[Site "http://www.queenalice.com/game.php?id=1458091"]
[Date "2017.1.5"]
[Round "1"]
[White "rogervolei"]
[Black "miguel_loki"]
[Result "0-1"]
[WhiteElo "1811"]
[BlackElo "2023"]

1. e3 d5 2. h3 c5 3. Bb5+ Nc6 4. Bxc6+ bxc6 5. Nf3 Nf6 6. b3 e6 7. Qe2 a5 8. a4
Be7 9. Bb2 O-O 10. g4 h6 11. Ne5 Qc7 12. f4 Ne4 13. O-O Ba6 14. d3 Ng3 15. Qg2
Nxf1 16. Qxf1 Rfd8 17. Nd2 Rab8 18. Rb1 Bf6 19. g5 hxg5 20. Ng4 Bxb2 21. Rxb2
gxf4 22. Qxf4 Qxf4 23. exf4 c4 24. Ne5 c3 25. Nxc6 cxb2 26. Nxb8 Rxb8 27. Kf2
Bxd3 28. cxd3 Rxb3 0-1

[Event "AUTO-OPEN-3749"]
[Site "http://www.queenalice.com/game.php?id=1458219"]
[Date "2017.1.6"]
[Round "1"]
[White "mvson33"]
[Black "miguel_loki"]
[Result "0-1"]
[WhiteElo "1742"]
[BlackElo "1974"]

1. e4 c5 2. Nf3 d6 3. Bc4 Nc6 4. O-O Nf6 5. Nc3 e6 6. a3 d5 7. exd5 exd5 8. Ba2
Be7 9. d3 O-O 10. Bg5 Be6 11. Re1 h6 12. Bf4 a6 13. h3 Re8 14. Bh2 Qb6 15. Rb1
Rad8 16. Ne5 c4 17. dxc4 dxc4 18. Nxc6 Rxd1 0-1

[Event "AUTO-OPEN-3749"]
[Site "http://www.queenalice.com/game.php?id=1458220"]
[Date "2017.1.6"]
[Round "1"]
[White "miguel_loki"]
[Black "mvson33"]
[Result "1-0"]
[WhiteElo "2015"]
[BlackElo "1734"]

1. d4 Nf6 2. c4 e6 3. Nc3 d5 4. Nf3 dxc4 5. e4 b6 6. Bxc4 Bb7 7. Bd3 Nbd7 8. h3
Be7 9. Bf4 O-O 10. O-O c5 11. d5 exd5 12. exd5 Nxd5 13. Nxd5 Bxd5 14. Bxh7+ Kxh7
15. Qxd5 Nf6 16. Qd1 Qxd1 17. Raxd1 Rad8 18. Ne5 Rd5 19. Nc6 Rxd1 20. Rxd1 Re8
21. Nxa7 Nh5 22. Bc1 Bf6 23. Nb5 Re2 24. Kf1 Rc2 25. Na3 Rxc1 26. Rxc1 Bxb2 27.
Rb1 Bxa3 28. Rxb6 Nf6 29. Rb3 Bb4 30. a3 Bd2 31. Rb7 Kg6 32. Ke2 Bf4 33. a4 Be5
34. a5 Bd4 35. Kd3 Bxf2 36. Kc4 Ne4 37. Rb6+ Kg5 38. a6 Nd2+ 39. Kd5 c4 40. a7
Bxb6 41. a8=Q c3 42. Qa1 c2 43. Qc1 1-0

[Event "AUTO-OPEN-3749"]
[Site "http://www.queenalice.com/game.php?id=1458241"]
[Date "2017.1.6"]
[Round "1"]
[White "maurice91"]
[Black "miguel_loki"]
[Result "0-1"]
[WhiteElo "1888"]
[BlackElo "2031"]

1. d4 Nf6 2. Bf4 e6 3. Nf3 c5 4. c3 Nc6 5. e3 Be7 6. h3 Qb6 7. Qd2 d5 8. Be2 Ne4
9. Qc2 cxd4 10. cxd4 Bd7 11. Nc3 Rc8 12. O-O O-O 13. Bd3 Nb4 14. Qd1 Nxc3 15.
bxc3 Nxd3 16. Qxd3 Bb5 17. Qd2 Bxf1 18. Rxf1 Qa5 19. Ne5 Qxc3 20. Qe2 Rcd8 21.
Rd1 Bd6 22. Nd3 Bxf4 23. Nxf4 Qc4 24. Qb2 b5 25. Rc1 Qa4 26. Rc5 a6 27. g4 Rc8
28. Kg2 Rxc5 29. dxc5 Rc8 30. Qc3 Qe4+ 31. Kh2 b4 32. Qc1 Qc4 33. Qb2 Qc3 34.
Qe2 a5 35. Nd3 e5 36. Kg3 e4 37. Nf4 Qxc5 38. Qb2 Qc3 39. Qe2 g5 40. Nxd5 Qe5+
41. Nf4 gxf4+ 42. exf4 Rc3+ 43. Kg2 Qxf4 0-1

[Event "AUTO-OPEN-3749"]
[Site "http://www.queenalice.com/game.php?id=1458242"]
[Date "2017.1.6"]
[Round "1"]
[White "miguel_loki"]
[Black "maurice91"]
[Result "1-0"]
[WhiteElo "1954"]
[BlackElo "1892"]

1. d4 d5 2. c4 c6 3. Nc3 Nf6 4. Nf3 e6 5. Bf4 dxc4 6. e4 b5 7. Be2 Bb7 8. O-O
Be7 9. a3 a6 10. b3 cxb3 11. Qxb3 Nbd7 12. e5 Nd5 13. Nxd5 cxd5 14. Bd2 Rc8 15.
a4 Bc6 16. axb5 axb5 17. Ba5 Nb6 18. Bxb5 O-O 19. Bd3 Rb8 20. Rfb1 Qd7 21. Bxb6
Bd8 22. Ra6 Rb7 23. Qa3 Be7 24. Bc5 Rxb1+ 25. Bxb1 Qb7 26. Bd3 Bb5 27. Rb6 Bxc5
28. dxc5 Ra8 29. Rxb7 Rxa3 30. Rb8+ 1-0

[Event "AUTO-OPEN-3749"]
[Site "http://www.queenalice.com/game.php?id=1458255"]
[Date "2017.1.6"]
[Round "1"]
[White "miguel_loki"]
[Black "CharlyVince"]
[Result "1-0"]
[WhiteElo "2010"]
[BlackElo "1724"]

1. d4 d5 2. c4 e6 3. Nc3 Nf6 4. Nf3 c6 5. Bf4 Be7 6. h3 Bd6 7. Bxd6 Qxd6 8. e3
b6 9. Be2 Ba6 10. Qb3 dxc4 11. Bxc4 b5 12. Bd3 O-O 13. O-O Bb7 14. Rac1 a6 15.
Ne4 Qe7 16. a4 Nbd7 17. Nc5 Nxc5 18. Rxc5 Nd7 19. Rc3 Rfc8 20. Rfc1 c5 21. axb5
axb5 22. Bxb5 cxd4 23. Nxd4 Nc5 24. Qb4 1-0

[Event "AUTO-OPEN-3749"]
[Site "http://www.queenalice.com/game.php?id=1458256"]
[Date "2017.1.6"]
[Round "1"]
[White "CharlyVince"]
[Black "miguel_loki"]
[Result "0-1"]
[WhiteElo "1765"]
[BlackElo "1990"]

1. Nf3 d5 2. d4 Nf6 3. h3 e6 4. e3 c5 5. c4 Nc6 6. Nc3 a6 7. cxd5 Nxd5 8. Nxd5
Qxd5 9. Be2 cxd4 10. Nxd4 Nxd4 11. exd4 Bb4+ 12. Bd2 Qxd4 13. Qa4+ Bd7 14. Qxb4
Qxb4 15. Bxb4 a5 16. Bc3 Bc6 17. f3 f6 18. O-O-O Ke7 19. b3 a4 20. b4 Rhc8 21.
a3 Bxf3 0-1